Introduction to Agroforestry : four decades of scientific developments / (Record no. 49938)

MARC details
000 -LEADER
fixed length control field 00696nam a22002177a 4500
003 - CONTROL NUMBER IDENTIFIER
control field OSt
008 - FIXED-LENGTH DATA ELEMENTS--GENERAL INFORMATION
fixed length control field 260131b |||||||| |||| 00| 0 eng d
020 ## - INTERNATIONAL STANDARD BOOK NUMBER
International Standard Book Number 9783030753573
082 ## - DEWEY DECIMAL CLASSIFICATION NUMBER
Classification number 634.99
Item number N15I
100 ## - MAIN ENTRY--PERSONAL NAME
Personal name Nair, P. K. Ramachandran.
245 ## - TITLE STATEMENT
Title Introduction to Agroforestry : four decades of scientific developments /
Statement of responsibility, etc. by P. K. Ramachandran Nair; B. Mohan Kumar and Vimala D. Nair
250 ## - EDITION STATEMENT
Edition statement 2nd ed.
260 ## - PUBLICATION, DISTRIBUTION, ETC. (IMPRINT)
Place of publication, distribution, etc .- Switzerland
Name of publisher, distributor, etc : Springer
Date of publication, distribution, etc , 2021
300 ## - PHYSICAL DESCRIPTION
Extent xxi,666p.
650 ## - SUBJECT ADDED ENTRY--TOPICAL TERM
Topical term or geographic name as entry element Technology (Applied Sciences)
650 ## - SUBJECT ADDED ENTRY--TOPICAL TERM
Topical term or geographic name as entry element Agriculture and Related Technologies
650 ## - SUBJECT ADDED ENTRY--TOPICAL TERM
Topical term or geographic name as entry element Agroforestry
700 ## - ADDED ENTRY--PERSONAL NAME
Personal name Kumar, B. Mohan.
700 ## - ADDED ENTRY--PERSONAL NAME
Personal name Nair, Vimala D.
942 ## - ADDED ENTRY ELEMENTS (KOHA)
Source of classification or shelving scheme
Koha item type Books
Holdings
Withdrawn status Lost status Source of classification or shelving scheme Damaged status Not for loan Home library Current library Date acquired Source of acquisition Cost, normal purchase price Total Checkouts Full call number Barcode Date last seen Bill Date Koha item type Bill Number
          Dr. Rajendra Prasad Central Agricultural University Pusa, Dr. Rajendra Prasad Central Agricultural University Pusa, 31/01/2026 Scientific Publishers, Jodhpur 11257.30   634.99 N15I 86967 31/01/2026 08/01/2026 Books SPI/25-26/358
Hosted, Implemented, Customized & Maintained by: BestBookBuddies

Powered by Koha